Bus Chaser Aww Man Lyrics quiz - Statistics

General Stats
  • This quiz has been taken 17 times
  • The average score is 69 of 114
Answer Stats
Lyrics % Correct
chase
100%
I
100%
La Salle
100%
baby
83%
Bus
83%
bus
83%
Chaser
83%
he
83%
Heads
83%
in
83%
side
83%
side,
83%
side.
83%
teacher
83%
to
83%
tonight
83%
up
83%
8745.
67%
again,
67%
again
67%
again.
67%
again!
67%
Aww
67%
back
67%
body.
67%
broken
67%
fills
67%
him
67%
leg
67%
Leg
67%
no
67%
Oh
67%
our
67%
run
67%
shock
67%
So
67%
swinging
67%
the
67%
total
67%
we
67%
you
67%
your
67%
behind
50%
'Cause
50%
D&T
50%
from
50%
get
50%
got
50%
its
50%
legs,
50%
legs.
50%
Man
50%
night
50%
not
50%
running
50%
schoolbags
50%
scolded
50%
see
50%
those
50%
And
33%
and
33%
break
33%
breaks
33%
done
33%
down.
33%
falls
33%
'gain.
33%
gain.
33%
going
33%
he's
33%
his
33%
hope
33%
teachers
33%
This
33%
tryin'
33%
until
33%
cannot
17%
imagine
0%
No matching quizzes found
Score Distribution
Percent of People with Each Score
Percentile by Number Answered
Your Score History
You have not taken this quiz